Sébastian BRANT. – La Nef des fous. Traduit de l’allemand par Madeleine Horst. Préface de Frédéric Hartweg (Strasbourg, La Nuée Bleue, 2005, 488 p., € 19,–) (notice n° 1601178)
[ vue normale ]
| 000 -LEADER | |
|---|---|
| fixed length control field | 01521cam a2200169 4500500 |
| 005 - DATE AND TIME OF LATEST TRANSACTION | |
| control field | 20251228083430.0 |
| 041 ## - LANGUAGE CODE | |
| Language code of text/sound track or separate title | fre |
| 042 ## - AUTHENTICATION CODE | |
| Authentication code | dc |
| 100 10 - MAIN ENTRY--PERSONAL NAME | |
| Personal name | Raboin, Claudine |
| Relator term | author |
| 245 00 - TITLE STATEMENT | |
| Title | Sébastian BRANT. – La Nef des fous. Traduit de l’allemand par Madeleine Horst. Préface de Frédéric Hartweg (Strasbourg, La Nuée Bleue, 2005, 488 p., € 19,–) |
| 260 ## - PUBLICATION, DISTRIBUTION, ETC. | |
| Date of publication, distribution, etc. | 2006.<br/> |
| 500 ## - GENERAL NOTE | |
| General note | 41 |
| 520 ## - SUMMARY, ETC. | |
| Summary, etc. | La présente analyse décrit des stratégies narratives négatives qui ébranlent le narrateur à la première personne dans le poème Wappen von Ahlen de Getrud Kolmar. Des négations et des différences sont opératives dans des constellations isotopiques et déictiques et créent des stimuli interprétatifs différents, dépendant du niveau textuel qu’elles influencent. Des techniques « miroirs » négatives permettent au poème de développer un mode narratif socio-critique. |
| 520 ## - SUMMARY, ETC. | |
| Summary, etc. | The analysis at hand describes negative narrative strategies that subvert the I-narrator in Gertrud Kolmar’s poem Wappen von Ahlen. Negations and differences are operative within isotopic and deictic constellations and provide different interpretational stimuli depending on the textual level they influence. Negative mirroring techniques allow the poem to develop a socio-critical narrative mode. |
| 786 0# - DATA SOURCE ENTRY | |
| Note | Études Germaniques | 241 | 1 | 2006-01-30 | p. 93l-103l | 0014-2115 |
| 856 41 - ELECTRONIC LOCATION AND ACCESS | |
| Uniform Resource Identifier | <a href="https://shs.cairn.info/revue-etudes-germaniques-2006-1-page-93l?lang=fr&redirect-ssocas=7080">https://shs.cairn.info/revue-etudes-germaniques-2006-1-page-93l?lang=fr&redirect-ssocas=7080</a> |
Pas d'exemplaire disponible.




Réseaux sociaux